Introduction to algebra
Αποθηκεύτηκε σε:
| Κύριος συγγραφέας: | |
|---|---|
| Μορφή: | Βιβλίο |
| Γλώσσα: | English |
| Δημοσίευση: |
New York ; London ; Evanston : Tokyo :
Harper & Row, John Weatherhill,
c1965
|
| Σειρά: | Harper's series in modern mathematics
|
| Θέματα: | |
| Ετικέτες: |
Προσθήκη ετικέτας
Δεν υπάρχουν, Καταχωρήστε ετικέτα πρώτοι!
|
MARC
| LEADER | 00000cam a2200000 i 4500 | ||
|---|---|---|---|
| 001 | 1/4950 | ||
| 008 | 100226s1965 eng d | ||
| 035 | |l 10106993 | ||
| 040 | |a GR-MY-UA |b gre |e aacr | ||
| 041 | 0 | |a eng | |
| 082 | 0 | |a 512 |2 (22) | |
| 100 | 1 | |a Lewis, Donald J. |q (Donald John), |d 1926-2015. | |
| 245 | 1 | 0 | |a Introduction to algebra / |c Donald J. Lewis |
| 260 | |a New York ; London ; Evanston : |a Tokyo : |b Harper & Row, |b John Weatherhill, |c c1965 | ||
| 300 | |a xi, 318 σ.; |b εικ.; |c 24 εκ. | ||
| 490 | 1 | |a Harper's series in modern mathematics | |
| 504 | |a Περιέχει ευρετήριο | ||
| 650 | 0 | 0 | |a Algebra. |
| 830 | 0 | |a Harper's series in modern mathematics | |
| 852 | |a INST |b SAMOS |c MAG |e 20100226 |h 512 DON |p 005300030534 |q 005300030534 |t BK |y 0 | ||
| 901 | |a BIBL3-2010-1 | ||
| 909 | |a Σ |b 161907 | ||
| 970 | |a ΣΙΤΖΙΜΗ |b ΓΙΑΣΕΜΗ |z 2010/02/26 | ||